Letters to the Ministry from Governor Bernard, General Gage, and Commodore Hood : And also memorials to the Lords of the Treasury, from the Commissioners of the Customs. : With sundry letters and papers annexed to the said memorials.

Bibliographic Details
Corporate Author: Great Britain. Commissioners of Customs in America
Other Authors: Bernard, Francis, Sir, 1712-1779, Gage, Thomas, 1721-1787, Hood, Samuel Hood, Viscount, 1724-1816
Format: eBook
Language:English
Series:Early American imprints. Evans (1639-1800) ; no. 11176.
Subjects:
Online Access:Evans Digital Edition

MARC

Tag First Indicator Second Indicator Subfields
LEADER 00000cam a2200000 a 4500
001 in00002139688
006 m e d #
007 cr mn mmmmabba
008 830202s1769 mau s 000 0 eng d
005 20260331144620.7
035 |z w013583 
035 |a MAAR8302023650B 
035 |9 mwa91-50186 
035 |a 320889 
035 |a aas03013583 
040 |a MWA  |c MWA  |e bdrb  |d UtOrBLW 
245 0 0 |a Letters to the Ministry from Governor Bernard, General Gage, and Commodore Hood :  |b And also memorials to the Lords of the Treasury, from the Commissioners of the Customs. : With sundry letters and papers annexed to the said memorials. 
264 3 |a Boston :  |b Printed by Edes & Gill, in Queen-Street,  |c 1769. 
300 |a 108 pages ;  |c 21 cm. (octavo) 
336 |a text  |b txt  |2 rdacontent 
337 |a computer  |b c  |2 rdamedia 
338 |a online resource  |b cr  |2 rdacarrier 
510 4 |a Evans  |c 11176 
510 4 |a Adams, T.R. Amer. pamphlets,  |c 69a 
530 |a Microform version available in the Readex Early American Imprints series. 
533 |a Electronic text and image data.  |b [Chester, Vt. :  |c Readex, a division of Newsbank, Inc.,  |d 2002-2004.  |e Includes files in TIFF, GIF and PDF formats with inclusion of keyword searchable text.  |f (Early American imprints. First series ; no. 11176). 
500 |a Electronic resource. 
610 1 0 |a Great Britain.  |b Treasury. 
651 0 |a Massachusetts  |x Politics and government  |y To 1775. 
651 0 |a United States  |x History  |y Revolution, 1775-1783  |x Causes. 
700 1 |a Bernard, Francis,  |c Sir,  |d 1712-1779. 
700 1 |a Gage, Thomas,  |d 1721-1787. 
700 1 |a Hood, Samuel Hood,  |c Viscount,  |d 1724-1816. 
710 1 |a Great Britain.  |b Commissioners of Customs in America. 
752 |a United States  |b Massachusetts  |d Boston. 
830 0 |a Early American imprints.  |n Series I,  |p Evans (1639-1800) ;  |v no. 11176. 
856 4 1 |u http://proxy.library.tamu.edu/login?url=https://opac.newsbank.com/select/evans/11176  |y Evans Digital Edition  |t 0 
999 |a MARS 
999 f f |s f6488768-a830-335e-aff0-04f9f9f979c7  |i 5c076a79-397d-3b40-ab11-a8931177d52d  |t 0 
952 f f |a Texas A&M University  |b College Station  |c Electronic Resources  |s www_evans  |d Available Online  |t 0  |h No information provided 
998 f f |t 0  |l Available Online